NFL history facts - Statistics

General Stats
  • This quiz has been taken 57 times
  • The average score is 11 of 15
Answer Stats
Hint Answer % Correct
What player has won the most super bowls Tom brady
96%
All time leading passer Tom brady
96%
How many nfl teams are there 32
90%
All time leading reciever Jerry Rice
90%
What are the names of the conferences AFC and NFC
80%
First Super Bowl 1966
78%
All time leading rusher Emmitt Smith
76%
All time leader in sacks Bruce Smith
72%
What two teams have won the most super bowls Patriots and Steelers
72%
Best defensive player of all time Lawrence Taylor
70%
NFL was established 1920
68%
First NFL championship 1933
60%
Who has won the most MVPs Peyton Manning
58%
All time leader in tackles Ray Lewis
50%
All time leader in interceptions Paul Krause
16%
No matching quizzes found
Score Distribution
Percent of People with Each Score
Percentile by Number Answered
Your Score History
You have not taken this quiz